[Event "Frankfurt Ch 2011"]
[Site "Ffm-Kalbach, LAZ"]
[Date "2011.05.23"]
[Round "4.1"]
[White "Legde, Georg"]
[Black "Khenkin, Igor"]
[Result "0-1"]
[WhiteElo "2326"]
[BlackElo "2625"]
[PlyCount "54"]
[EventDate "2011.??.??"]
[WhiteTeam "SK 1858 Gießen"]
[BlackTeam "Wiesbadener SV 1885"]

1. d4 d5 2. c4 dxc4 3. Nf3 c6 4. e3 b5 5. a4 e6 6. axb5 cxb5 7. b3 Bb4+ 8. Bd2
Bxd2+ 9. Nbxd2 a5 10. bxc4 b4 11. c5 Nf6 12. Bb5+ Bd7 13. Qa4 O-O 14. O-O Nd5
15. Ne4 Bxb5 16. Qxb5 Nd7 17. Rfc1 Qc7 18. c6 N7f6 19. Nxf6+ gxf6 20. e4 Nc3
21. Qc4 Nxe4 22. d5 exd5 23. Qxd5 Nc3 24. Qh5 Qxc6 25. Nd4 Qd5 26. Qxd5 Nxd5
27. Rc5 Ne7 0-1

[Event "Frankfurt Ch 2011"]
[Site "Ffm-Kalbach, LAZ"]
[Date "2011.05.23"]
[Round "4.2"]
[White "Milov, Leonid"]
[Black "Zuyev, Igor"]
[Result "1/2-1/2"]
[WhiteElo "2541"]
[BlackElo "2348"]
[PlyCount "115"]
[EventDate "2011.??.??"]
[WhiteTeam "SC Noris-Tarrasch Nürnberg 1873"]
[BlackTeam "SC Heusenstamm"]

1. e4 c5 2. Nf3 g6 3. Bc4 Bg7 4. c3 e6 5. d4 cxd4 6. cxd4 d5 7. Bb5+ Bd7 8.
Bxd7+ Qxd7 9. e5 Nc6 10. Nc3 f6 11. exf6 Nxf6 12. O-O O-O 13. Ne5 Qd6 14. Re1
a6 15. Be3 Rac8 16. f4 Nd7 17. Rc1 Ndxe5 18. fxe5 Qb4 19. Na4 Ne7 20. Nc5 Nf5
21. Bf2 Bh6 22. Rc2 Rc6 23. Ree2 Rf7 24. Rc3 Bf8 25. Rb3 Qa5 26. Nxb7 Qc7 27.
Nc5 Nxd4 28. Bxd4 Bxc5 29. Rc3 Rf4 30. Bxc5 Rxc5 31. Rxc5 Qxc5+ 32. Kh1 d4 33.
h3 Qd5 34. Qd3 Qxa2 35. Kh2 Qd5 36. b4 Kg7 37. Kg3 g5 38. Kh2 Qb5 39. Qxb5 axb5
40. g3 d3 41. Rd2 Rxb4 42. Rxd3 Rb2+ 43. Kg1 Re2 44. Rd7+ Kg6 45. Rb7 Rxe5 46.
Kf2 h5 47. Kf3 Rc5 48. Re7 Rc3+ 49. Kf2 Kf6 50. Rh7 b4 51. Rxh5 b3 52. Rh8 Ke5
53. h4 g4 54. Rg8 Rc2+ 55. Ke3 b2 56. Rg5+ Kf6 57. Rb5 e5 58. Ke4 1/2-1/2

[Event "Frankfurt Ch 2011"]
[Site "Ffm-Kalbach, LAZ"]
[Date "2011.05.23"]
[Round "4.3"]
[White "Isserman, Ryhor"]
[Black "Poetsch, Hagen"]
[Result "0-1"]
[WhiteElo "2307"]
[BlackElo "2415"]
[PlyCount "54"]
[EventDate "2011.??.??"]
[WhiteTeam "SK Bad Homburg 1927"]
[BlackTeam "Sfr. Schöneck"]

1. e4 Nc6 2. Nc3 Nf6 3. d4 d5 4. e5 Nd7 5. Bg5 Nb6 6. Be2 f6 7. exf6 exf6 8.
Bf4 Bb4 9. a3 Bxc3+ 10. bxc3 Bf5 11. Bd3 Qd7 12. Ne2 O-O-O 13. O-O g5 14. Be3
h5 15. a4 Na5 16. Ng3 Bg4 17. f3 Be6 18. f4 Nac4 19. f5 Bf7 20. Re1 h4 21. a5
Na4 22. Nf1 Nxc3 23. Qc1 Rde8 24. Bxc4 dxc4 25. d5 Qxd5 26. Qb2 h3 27. gxh3 Qf3
0-1

[Event "Frankfurt Ch 2011"]
[Site "Ffm-Kalbach, LAZ"]
[Date "2011.05.23"]
[Round "4.4"]
[White "Telljohann, Sven"]
[Black "Gohil, Harry"]
[Result "1-0"]
[WhiteElo "2415"]
[BlackElo "2302"]
[PlyCount "111"]
[EventDate "2011.??.??"]
[WhiteTeam "Sfr. Schöneck"]
[BlackTeam "TSV Schott Mainz"]

1. Nf3 Nf6 2. g3 g6 3. Bg2 Bg7 4. O-O O-O 5. d4 d6 6. a4 Nc6 7. a5 Rb8 8. Nbd2
Bg4 9. h3 Bd7 10. e4 Qc8 11. Kh2 e5 12. dxe5 dxe5 13. Qe2 b5 14. Rd1 Be6 15. c3
Rd8 16. Ng5 h6 17. Nxe6 Qxe6 18. b4 a6 19. Nf1 Qb3 20. Be3 h5 21. Rdc1 h4 22.
g4 Nh7 23. Rab1 Qe6 24. Nd2 Bf6 25. Nb3 Bg5 26. Nc5 Qc8 27. Rd1 Rd6 28. Rd3 Ra8
29. Rbd1 Qf8 30. Nb7 Rxd3 31. Rxd3 Qe7 32. Nc5 Nf8 33. Bxg5 Qxg5 34. Qe3 Qe7
35. Qd2 Nd8 36. Bf1 Nde6 37. Rd5 Nxc5 38. Rxc5 Rd8 39. Rd5 Rd6 40. c4 Ne6 41.
cxb5 axb5 42. Bxb5 Nd4 43. Be2 Qf6 44. Kg2 Rxd5 45. exd5 Qd6 46. Bf3 Kf8 47.
Qc3 Nxf3 48. Kxf3 Qxd5+ 49. Ke3 Ke8 50. a6 Qb5 51. a7 Qb7 52. Qxe5+ Kd7 53.
Qd4+ Kc8 54. Qh8+ Kd7 55. a8=Q Qb6+ 56. Qd4+ 1-0

[Event "Frankfurt Ch 2011"]
[Site "Ffm-Kalbach, LAZ"]
[Date "2011.05.23"]
[Round "4.5"]
[White "Zude, Erik"]
[Black "Kayser, Felix"]
[Result "1-0"]
[WhiteElo "2409"]
[BlackElo "2190"]
[PlyCount "65"]
[EventDate "2011.??.??"]
[WhiteTeam "SV 1920 Hofheim"]
[BlackTeam "BSG Rheinpark"]

1. d4 d5 2. c4 dxc4 3. e3 e5 4. Bxc4 exd4 5. exd4 Nf6 6. Nf3 Bd6 7. O-O O-O 8.
Nc3 h6 9. h3 Nc6 10. Qc2 Nb4 11. Qb1 Be6 12. Bxe6 fxe6 13. Bd2 Qe8 14. Re1 Qf7
15. Ne4 Nxe4 16. Qxe4 Rae8 17. Bxb4 Bxb4 18. Re2 c6 19. Ne5 Qc7 20. Qg6 Qd8 21.
Ng4 Qxd4 22. Nxh6+ Kh8 23. Nf7+ Kg8 24. Nh6+ Kh8 25. Ng4 Bd6 26. Rae1 Bb8 27.
Re5 Bxe5 28. Rxe5 Qd1+ 29. Kh2 Qd6 30. f4 Kg8 31. Nh6+ Kh8 32. Nf7+ Rxf7 33.
Qxf7 1-0

[Event "Frankfurt Ch 2011"]
[Site "Ffm-Kalbach, LAZ"]
[Date "2011.05.23"]
[Round "4.6"]
[White "Stockmann, Michael"]
[Black "Margolin, Boris"]
[Result "1-0"]
[WhiteElo "2255"]
[BlackElo "2440"]
[PlyCount "79"]
[EventDate "2011.??.??"]
[WhiteTeam "Sfr. Schöneck"]
[BlackTeam "SV Oberursel"]

1. d4 Nf6 2. c4 e6 3. Nf3 c5 4. Nc3 cxd4 5. Nxd4 a6 6. g3 Qc7 7. Qa4 b5 8. cxb5
Bb7 9. Rg1 Bc5 10. Nb3 axb5 11. Qxb5 Ba7 12. Bf4 Qc6 13. Na5 Qxb5 14. Nxb5
Bxf2+ 15. Kxf2 Ne4+ 16. Ke3 Rxa5 17. a4 O-O 18. Bg2 f5 19. b4 Ra8 20. Bxe4 Bxe4
21. Nc7 Ra7 22. b5 Ra5 23. Bd6 Rc8 24. Rgc1 Kf7 25. h4 h6 26. h5 g5 27. hxg6+
Kxg6 28. Nxe6 Rg8 29. Nf8+ Kf7 30. Rc8 Nc6 31. bxc6 Bxc6 32. Rc1 Bxa4 33. R1c5
Rxc5 34. Rxc5 Kf6 35. Rc8 Rg7 36. Re8 Rg4 37. Re7 Rg8 38. Rh7 Kg5 39. Bf4+ Kf6
40. Nxd7+ 1-0

[Event "Frankfurt Ch 2011"]
[Site "Ffm-Kalbach, LAZ"]
[Date "2011.05.23"]
[Round "4.7"]
[White "Prenzler, Daniel"]
[Black "Reschke, Stefan"]
[Result "0-1"]
[WhiteElo "2197"]
[BlackElo "2369"]
[PlyCount "90"]
[EventDate "2011.??.??"]
[WhiteTeam "SV Griesheim(DA)"]
[BlackTeam "VSG 1880 Offenbach"]

1. e4 g6 2. Nc3 c6 3. d4 d5 4. h3 Bg7 5. Nf3 dxe4 6. Nxe4 Nf6 7. Nxf6+ exf6 8.
Bc4 O-O 9. O-O a5 10. a4 Nd7 11. Re1 Nb6 12. Bb3 Nd5 13. c4 Nb4 14. Bd2 Bf5 15.
Bxb4 axb4 16. Qd2 c5 17. d5 Qd6 18. Bc2 Bd7 19. b3 f5 20. Rad1 h6 21. Qe3 Rfe8
22. Qc1 Kh7 23. Rxe8 Rxe8 24. Re1 Rxe1+ 25. Qxe1 Bf6 26. Qe3 Kg7 27. Kf1 b6 28.
Kg1 Bc3 29. Kh1 f4 30. Qe2 Kf8 31. Bd3 Qe7 32. Qxe7+ Kxe7 33. Kg1 g5 34. Kf1
Kf6 35. Ke2 h5 36. h4 g4 37. Ng5 Bd4 38. f3 g3 39. Be4 Be5 40. Bd3 Ke7 41. Bh7
Bf6 42. d6+ Kxd6 43. Ne4+ Ke7 44. Nxf6 Kxf6 45. Bd3 Bf5 0-1

[Event "Frankfurt Ch 2011"]
[Site "Ffm-Kalbach, LAZ"]
[Date "2011.05.23"]
[Round "4.8"]
[White "Voropaev, Gleb"]
[Black "Rosa, Mike"]
[Result "1/2-1/2"]
[WhiteElo "2326"]
[BlackElo "2114"]
[PlyCount "39"]
[EventDate "2011.??.??"]
[WhiteTeam "SG Turm Idstein"]
[BlackTeam "SC 1961 König Nied"]

1. e4 c5 2. Nf3 Nc6 3. Bb5 d6 4. Bxc6+ bxc6 5. O-O e5 6. c3 f5 7. exf5 Bxf5 8.
d4 e4 9. Nfd2 cxd4 10. cxd4 Nf6 11. f3 exf3 12. Qxf3 Bd7 13. Ne4 d5 14. Nxf6+
Qxf6 15. Qd1 Qg6 16. Bf4 Be7 17. Be5 Bf5 18. Nc3 O-O 19. Qd2 Bd3 20. Rxf8+
1/2-1/2

[Event "Frankfurt Ch 2011"]
[Site "Ffm-Kalbach, LAZ"]
[Date "2011.05.23"]
[Round "4.9"]
[White "Schramm, Christian"]
[Black "Krzesinski, Paul"]
[Result "1-0"]
[WhiteElo "2340"]
[BlackElo "1832"]
[PlyCount "55"]
[EventDate "2011.??.??"]
[WhiteTeam "SC 1959 Obernau"]
[BlackTeam "Frankfurter TV 1860"]

1. e4 e5 2. Bc4 Nc6 3. Nf3 Nf6 4. Qe2 Be7 5. c3 d6 6. Bb3 O-O 7. d3 Na5 8. Bc2
c5 9. h3 Qc7 10. Nbd2 Be6 11. g4 Rad8 12. Nc4 Nc6 13. g5 Nd7 14. Ne3 Nb6 15.
Nf5 d5 16. Nh2 dxe4 17. dxe4 c4 18. Qh5 f6 19. g6 hxg6 20. Qxg6 Bxf5 21. exf5
e4 22. Rg1 Bd6 23. Ng4 Qe7 24. Nh6+ Kh8 25. Qh5 e3 26. Nf7+ Kg8 27. Rxg7+ Kxg7
28. Qg6# 1-0

[Event "Frankfurt Ch 2011"]
[Site "Ffm-Kalbach, LAZ"]
[Date "2011.05.23"]
[Round "4.10"]
[White "Reschke, Thomas"]
[Black "Haasler, Andreas"]
[Result "1/2-1/2"]
[WhiteElo "2198"]
[BlackElo "2234"]
[PlyCount "92"]
[EventDate "2011.??.??"]
[WhiteTeam "SC Frankfurt-West"]
[BlackTeam "Sfr.Heidesheim"]

1. g3 d5 2. Bg2 Nf6 3. d3 c6 4. Nd2 e5 5. b3 Bc5 6. e3 Qe7 7. h3 O-O 8. Ne2 a5
9. a3 Bf5 10. Bb2 Nbd7 11. O-O Bb6 12. d4 Ne4 13. c4 Nxd2 14. Qxd2 e4 15. a4
Qg5 16. cxd5 cxd5 17. b4 Bc7 18. Rfc1 Bb8 19. bxa5 Qh6 20. Ba3 Re8 21. Rab1
Bxh3 22. Rxb7 Ra6 23. Qc2 Nf6 24. Be7 Bxg2 25. Kxg2 g5 26. Bxf6 Qxf6 27. Rb6
Qf3+ 28. Kf1 Rxa5 29. Qc6 Rd8 30. Rb7 Rf8 31. Rcb1 Ra8 32. Qxd5 h6 33. Re7 Rxa4
34. Qxe4 Qf6 35. Re8 Bd6 36. Rxf8+ Bxf8 37. Nc3 Ra7 38. Nd5 Qd8 39. Rb6 Bg7 40.
Rb1 Ra8 41. Ne7+ Kh8 42. Kg2 Qe8 43. d5 Rd8 44. d6 Qd7 45. Nf5 Re8 46. Ne7 f5
1/2-1/2

[Event "Frankfurt Ch 2011"]
[Site "Ffm-Kalbach, LAZ"]
[Date "2011.05.23"]
[Round "4.11"]
[White "Seickel, Ralf"]
[Black "Uwira, Oliver"]
[Result "0-1"]
[WhiteElo "1898"]
[BlackElo "2244"]
[PlyCount "102"]
[EventDate "2011.??.??"]
[WhiteTeam "vereinslos"]
[BlackTeam "SC 1961 König Nied"]

1. e4 c5 2. Nf3 Nc6 3. d4 cxd4 4. Nxd4 Nf6 5. Nc3 e5 6. Ndb5 d6 7. Bg5 a6 8.
Na3 b5 9. Nd5 Be7 10. Bxf6 Bxf6 11. c4 b4 12. Nc2 O-O 13. Be2 a5 14. O-O Bg5
15. Qd3 Be6 16. Rfd1 Nb8 17. Nde3 Na6 18. Qxd6 Qxd6 19. Rxd6 Nc5 20. Bf3 b3 21.
Rc6 bxc2 22. Rxc5 Bxe3 23. fxe3 Rfb8 24. b3 a4 25. Rc1 axb3 26. axb3 Ra2 27.
Rb5 Rxb5 28. cxb5 Rb2 29. Kf2 Bxb3 30. Ke1 Ba4 31. Be2 Kf8 32. Kd2 Ke7 33. Bd3
Kd6 34. Ra1 Rb1 35. Rxb1 cxb1=Q 36. Bxb1 Bxb5 37. Kc3 Bc6 38. g3 Ke7 39. Kd2
Kf6 40. Kd3 Kg5 41. Ba2 Kg4 42. Bxf7 Kh3 43. Bg8 h6 44. Bd5 Bb5+ 45. Bc4 Bd7
46. Ke2 Kxh2 47. Kf2 Bg4 48. Bf7 g5 49. Bg6 h5 50. Bf5 Bd1 51. Ke1 Kxg3 0-1

[Event "Frankfurt Ch 2011"]
[Site "Ffm-Kalbach, LAZ"]
[Date "2011.05.23"]
[Round "4.13"]
[White "Röschlau, Bernd"]
[Black "Richter, Tobias"]
[Result "1-0"]
[WhiteElo "2226"]
[BlackElo "2099"]
[PlyCount "85"]
[EventDate "2011.??.??"]
[WhiteTeam "SC Brett vor'm Kopp Ffm"]
[BlackTeam "SV Merseburg e. V."]

1. e4 e5 2. Nf3 Nc6 3. Bb5 a6 4. Ba4 Nf6 5. O-O Be7 6. Re1 b5 7. Bb3 O-O 8. Nc3
d6 9. h3 Na5 10. d3 c5 11. Bg5 Bb7 12. Bxf6 Bxf6 13. Bd5 Nc6 14. a3 Qc7 15. Ba2
Ne7 16. Nh2 b4 17. Ne2 g6 18. Qd2 bxa3 19. bxa3 d5 20. Ng3 Bg7 21. Rab1 Rad8
22. Qg5 f5 23. exf5 Nxf5 24. Nxf5 gxf5 25. Nf3 Rde8 26. Nxe5 Ba8 27. Nf3 Qd7
28. Nh4 Re6 29. Re3 Kh8 30. Rxe6 Qxe6 31. Qh5 Bd4 32. Kf1 Bc3 33. Nf3 Re8 34.
Kg1 Qg6 35. Qxg6 hxg6 36. Rb6 a5 37. Rxg6 Re2 38. Bb3 Kh7 39. Ra6 c4 40. Ba4
cxd3 41. cxd3 Bb2 42. Rxa8 Bxa3 43. Rxa5 1-0

[Event "Frankfurt Ch 2011"]
[Site "Ffm-Kalbach, LAZ"]
[Date "2011.05.23"]
[Round "4.14"]
[White "Schwenkreis, Thomas"]
[Black "Rondonuwu, Grover"]
[Result "0-1"]
[WhiteElo "2130"]
[BlackElo "2020"]
[PlyCount "76"]
[EventDate "2011.??.??"]
[WhiteTeam "SC Brett vor'm Kopp Ffm"]
[BlackTeam "Frankfurter TV 1860"]

1. e4 c5 2. Nf3 e6 3. d4 cxd4 4. Nxd4 Qb6 5. Nb3 Qc7 6. Nc3 a6 7. g3 Nc6 8. Bg2
Nf6 9. O-O Be7 10. Kh1 O-O 11. f4 d6 12. g4 g6 13. g5 Ne8 14. Be3 Rb8 15. a4 b6
16. Qe2 Ng7 17. Rae1 Nb4 18. Qf2 Bd7 19. Nd4 Nc6 20. f5 Nxd4 21. Bxd4 Bxg5 22.
f6 Nh5 23. e5 Bf4 24. Re4 dxe5 25. Rxf4 Nxf4 26. Qh4 Kh8 27. Qh6 Rg8 28. Ne4 g5
29. Nxg5 Rxg5 30. Be4 Rg6 31. Bxg6 Bc6+ 32. Rf3 Bxf3+ 33. Kg1 fxg6 34. Bxe5
Qc5+ 35. Kf1 Qc4+ 36. Kf2 Qe2+ 37. Kg3 Nh5+ 38. Kh4 Qe4+ 0-1

[Event "Frankfurt Ch 2011"]
[Site "Ffm-Kalbach, LAZ"]
[Date "2011.05.23"]
[Round "4.15"]
[White "Wagner, Dirk"]
[Black "Minor, Samuel"]
[Result "0-1"]
[WhiteElo "2038"]
[BlackElo "2175"]
[PlyCount "94"]
[EventDate "2011.??.??"]
[WhiteTeam "Sfr. Frankfurt 1921"]
[BlackTeam "Wiesbadener SV 1885"]

1. d4 Nf6 2. c4 e6 3. Nc3 Bb4 4. e3 c5 5. Bd3 Nc6 6. Nge2 d5 7. a3 Bxc3+ 8.
bxc3 O-O 9. O-O Qc7 10. cxd5 exd5 11. Ng3 Re8 12. Qc2 Na5 13. Bb2 Bd7 14. c4
dxc4 15. Bxc4 Rac8 16. dxc5 Qxc5 17. Bxf6 Qxc4 18. Qd2 Qa4 19. Nh5 Nb3 20. Qb2
Rc5 21. Nxg7 Rec8 22. Rad1 Bb5 23. Rfe1 Qc4 24. Rb1 Ba4 25. Qe2 Qxe2 26. Rxe2
R8c6 27. Bb2 f6 28. Ne8 Kf7 29. Nxf6 Rxf6 30. Bxf6 Kxf6 31. f3 Rc3 32. Kf2 b5
33. g4 Nc5 34. Ra2 Nd3+ 35. Kg3 a6 36. h4 Bc2 37. Rf1 Bb3 38. Raa1 Bc4 39. g5+
Ke6 40. f4 Kf5 41. h5 Nc5 42. Rfe1 a5 43. g6 hxg6 44. h6 Ne4+ 45. Kh4 Rc2 46.
Rh1 Nf6 47. Rag1 Nh7 0-1

[Event "Frankfurt Ch 2011"]
[Site "Ffm-Kalbach, LAZ"]
[Date "2011.05.23"]
[Round "4.16"]
[White "Schaack, Harry"]
[Black "Perlitz, Sven"]
[Result "0-1"]
[WhiteElo "2211"]
[BlackElo "2094"]
[PlyCount "58"]
[EventDate "2011.??.??"]
[WhiteTeam "Sfr. Schöneck"]
[BlackTeam "SC 1961 König Nied"]

1. e4 c5 2. Nf3 Nc6 3. d4 cxd4 4. Nxd4 Nf6 5. Nc3 e5 6. Ndb5 d6 7. Bg5 a6 8.
Na3 b5 9. Nd5 Be7 10. Bxf6 Bxf6 11. c3 O-O 12. Nc2 Rb8 13. h4 Be7 14. Bd3 Be6
15. a4 bxa4 16. Ncb4 Nxb4 17. Nxb4 Bb3 18. Qe2 Rxb4 19. cxb4 Qb6 20. O-O Bxh4
21. b5 axb5 22. Bxb5 Qd4 23. Rfc1 g6 24. Rc3 Rb8 25. g3 Bg5 26. Bd7 Bd2 27.
Rxb3 Rxb3 28. Bxa4 Rxb2 29. Bc6 Bg5 0-1

[Event "Frankfurt Ch 2011"]
[Site "Ffm-Kalbach, LAZ"]
[Date "2011.05.23"]
[Round "4.17"]
[White "Gräbner, Walter"]
[Black "Henrich, Thomas"]
[Result "0-1"]
[WhiteElo "2053"]
[BlackElo "2224"]
[PlyCount "56"]
[EventDate "2011.??.??"]
[WhiteTeam "SC 1961 König Nied"]
[BlackTeam "SK 1858 Gießen"]

1. d4 Nf6 2. c4 e6 3. Nf3 c5 4. d5 d6 5. Nc3 exd5 6. cxd5 g6 7. e4 a6 8. a4 Bg4
9. Be2 Bxf3 10. Bxf3 Nbd7 11. Bf4 Qc7 12. O-O Bg7 13. Re1 O-O 14. e5 Nxe5 15.
Bxe5 dxe5 16. d6 Qb6 17. Rxe5 Rad8 18. a5 Qxb2 19. Rxc5 Rxd6 20. Qc1 Qb4 21.
Qa3 Qf4 22. Ne2 Qd2 23. Qc1 Ne4 24. Rc2 Qd3 25. Bxe4 Qxe4 26. Rb1 Rfd8 27. Nc3
Bxc3 28. Rxc3 Qxb1 0-1

[Event "Frankfurt Ch 2011"]
[Site "Ffm-Kalbach, LAZ"]
[Date "2011.05.23"]
[Round "4.18"]
[White "Chandler, Patrick"]
[Black "Calvi, Stefan"]
[Result "1-0"]
[WhiteElo "2220"]
[BlackElo "1993"]
[PlyCount "189"]
[EventDate "2011.??.??"]
[WhiteTeam "Sfr. Neuberg"]
[BlackTeam "Sfr. Frankfurt 1921"]

1. Nc3 Nf6 2. e4 d6 3. d4 g6 4. f4 c6 5. Nf3 Bg7 6. Be3 Qa5 7. Qd2 Nbd7 8. e5
dxe5 9. fxe5 Nd5 10. Nxd5 Qxd2+ 11. Nxd2 cxd5 12. Bd3 O-O 13. O-O Nb8 14. c3
Nc6 15. Be2 Be6 16. Nb3 b6 17. Bb5 Rac8 18. Ba6 Rc7 19. Bf4 h6 20. h3 Na5 21.
Nxa5 bxa5 22. Rae1 Rb8 23. Rf2 Rb6 24. Bf1 h5 25. g4 hxg4 26. hxg4 Rcb7 27. b3
Bxg4 28. c4 dxc4 29. bxc4 Rb1 30. Rxb1 Rxb1 31. Kg2 Rd1 32. d5 Kf8 33. Kg3 Bf5
34. Rb2 Rb1 35. Rxb1 Bxb1 36. d6 exd6 37. exd6 Bd4 38. Kf3 a4 39. c5 Bxc5 40.
Bb5 f6 41. d7 Bb6 42. Bd6+ Kg7 43. Be7 Bxa2 44. Bxa4 Kf7 45. d8=Q Bxd8 46. Bxd8
Ke6 47. Bc2 Bd5+ 48. Kg4 Kf7 49. Ba5 Be6+ 50. Kf4 g5+ 51. Ke4 Bc4 52. Kd4 Be6
53. Bd3 Ba2 54. Ba6 Be6 55. Bc7 Kg6 56. Bb8 g4 57. Ke4 Kg5 58. Ke3 f5 59. Bd6
Bd5 60. Be7+ Kg6 61. Kf4 Be4 62. Bc5 Kf6 63. Bxa7 Ke6 64. Bb8 Kd5 65. Ke3 Ke6
66. Bc8+ Kd5 67. Bg3 Bc2 68. Bb7+ Ke6 69. Kd4 Be4 70. Bc8+ Kf7 71. Ke5 Bc2 72.
Be6+ Kg6 73. Bd7 Kf7 74. Kd6 Bd3 75. Bh4 Bc2 76. Be6+ Kg6 77. Ke5 Bd3 78. Be1
Bc2 79. Bd7 Bd3 80. Be8+ Kg5 81. Bd2+ Kh4 82. Kf4 Kh3 83. Be1 Be4 84. Bb5 Bf3
85. Bf2 Be4 86. Ba6 Bg2 87. Kxf5 Bf3 88. Kf4 Bg2 89. Bc8 Bf3 90. Ba7 Be2 91.
Ke3 Bf3 92. Kf2 Bg2 93. Bb8 Bf3 94. Bg3 Bg2 95. Ba6 1-0

[Event "Frankfurt Ch 2011"]
[Site "Ffm-Kalbach, LAZ"]
[Date "2011.05.23"]
[Round "4.19"]
[White "Hierling, Stefan"]
[Black "Meyer, Kai-Christian"]
[Result "0-1"]
[WhiteElo "2054"]
[BlackElo "2170"]
[PlyCount "72"]
[EventDate "2011.??.??"]
[WhiteTeam "VSG 1880 Offenbach"]
[BlackTeam "Sfr. Schöneck"]

1. e4 c6 2. d4 d5 3. exd5 cxd5 4. Nc3 Nf6 5. Bb5+ Bd7 6. Bxd7+ Nbxd7 7. Qd3 e6
8. a3 Bd6 9. Bg5 Rc8 10. Qb5 Qc7 11. Bxf6 gxf6 12. Nf3 a6 13. Qe2 O-O 14. O-O
Nb6 15. h3 Nc4 16. Nd1 Qb6 17. c3 Bf4 18. g3 Bb8 19. Ne1 Kh8 20. Kh1 Rg8 21.
Rg1 Rg6 22. Rg2 Nd6 23. Ne3 f5 24. Nf3 Ne4 25. Rag1 Rcg8 26. Nf1 Rh6 27. Rh2
Qd8 28. Ne5 Bxe5 29. dxe5 Rhg6 30. Qe3 Qc7 31. f4 d4 32. Qf3 dxc3 33. bxc3 Qc6
34. Rc2 Nxg3+ 35. Rxg3 Rxg3 36. Qxc6 Rxh3+ 0-1

[Event "Frankfurt Ch 2011"]
[Site "Ffm-Kalbach, LAZ"]
[Date "2011.05.23"]
[Round "4.20"]
[White "Koch, Markus"]
[Black "Kulenovic, Adnan"]
[Result "1-0"]
[WhiteElo "2111"]
[BlackElo "1799"]
[PlyCount "87"]
[EventDate "2011.??.??"]
[WhiteTeam "SC Brett vor'm Kopp Ffm"]
[BlackTeam "SK Springer Rodenbach"]

1. d4 Nc6 2. c4 e5 3. d5 Nd4 4. Nc3 Nf5 5. Nf3 d6 6. h3 h6 7. e4 Nh4 8. g3
Nxf3+ 9. Qxf3 Be7 10. Bg2 Nf6 11. Nd1 O-O 12. Ne3 Nh7 13. Bd2 Bg5 14. Rc1 f5
15. exf5 Bxf5 16. Qe2 Bd7 17. h4 Be7 18. b4 c6 19. Qd3 Nf6 20. c5 Qb8 21. b5
cxb5 22. c6 Bg4 23. Nxg4 Nxg4 24. O-O bxc6 25. Qg6 Nf6 26. Bxh6 Rf7 27. dxc6
Qc7 28. Bh3 Ne8 29. Be6 Bd8 30. Rfd1 Kf8 31. Bg5 Bxg5 32. hxg5 a5 33. Kg2 Qa7
34. Rc2 Rc7 35. Bd7 Rxd7 36. cxd7 Qxd7 37. Rh1 Qb7+ 38. f3 Qd5 39. Rh8+ Ke7 40.
Rxe8+ Rxe8 41. Qxg7+ Ke6 42. Rc7 Qd2+ 43. Kh3 e4 44. Qf7+ 1-0

[Event "Frankfurt Ch 2011"]
[Site "Ffm-Kalbach, LAZ"]
[Date "2011.05.23"]
[Round "4.21"]
[White "Rutsatz, Mario"]
[Black "Heidel, Andre Nicolas"]
[Result "1-0"]
[WhiteElo "1900"]
[BlackElo "2170"]
[PlyCount "76"]
[EventDate "2011.??.??"]
[WhiteTeam "vereinslos"]
[BlackTeam "SC 1959 Obernau"]

1. d4 d5 2. c4 c6 3. Nf3 Nf6 4. Nc3 dxc4 5. a4 Bf5 6. e3 e6 7. Bxc4 Bb4 8. O-O
O-O 9. Qe2 Nbd7 10. Rd1 a5 11. Ne5 Qc7 12. f4 Nxe5 13. fxe5 Bg4 14. Qe1 Bxd1
15. exf6 Bh5 16. Qh4 Bg6 17. fxg7 Rfd8 18. Ne4 Bxe4 19. Qxe4 Qe7 20. Qg4 Qf6
21. b3 Qg6 22. Qe2 Be7 23. Bb2 Bf6 24. Rf1 Bxg7 25. Rf3 Kh8 26. Rg3 Qb1+ 27.
Kf2 Qf5+ 28. Kg1 Rg8 29. Bd3 Qd5 30. Bc4 Qd7 31. Qh5 f5 32. Rh3 h6 33. d5 Kh7
34. dxe6 Qe8 35. Qxf5+ Qg6 36. Bd3 Bxb2 37. Qf7+ Rg7 38. Bxg6+ Kh8 1-0

[Event "Frankfurt Ch 2011"]
[Site "Ffm-Kalbach, LAZ"]
[Date "2011.05.23"]
[Round "4.22"]
[White "Stock, Jürgen"]
[Black "Engel, Berthold"]
[Result "1-0"]
[WhiteElo "1948"]
[BlackElo "2210"]
[PlyCount "64"]
[EventDate "2011.??.??"]
[WhiteTeam "SC Eschborn 1974"]
[BlackTeam "SC Brett vor'm Kopp Ffm"]

1. d4 d6 2. c3 g6 3. Bg5 Bg7 4. Nd2 Nf6 5. e3 O-O 6. Bc4 b6 7. f4 Bb7 8. Ngf3
Nbd7 9. O-O Qe8 10. Qe1 h6 11. Qh4 Bxf3 12. Rxf3 h5 13. f5 Kh7 14. Raf1 d5 15.
Bd3 Rh8 16. e4 dxe4 17. Nxe4 Kg8 18. fxg6 fxg6 19. Bc4+ Kh7 20. Bxf6 Bxf6 21.
Qh3 Kg7 22. Bd5 Rd8 23. Bc6 Rf8 24. Qe6 Kh6 25. g4 hxg4 26. Qxg4 Kg7 27. Qe6
Rg8 28. Nxf6 exf6 29. Bxd7 Qxd7 30. Qxf6+ Kh7 31. Qh4+ Kg7 32. Rh3 Rh8 1-0

[Event "Frankfurt Ch 2011"]
[Site "Ffm-Kalbach, LAZ"]
[Date "2011.05.23"]
[Round "4.23"]
[White "Geringer, Waldemar"]
[Black "Bösch, Dirk"]
[Result "0-1"]
[WhiteElo "1956"]
[BlackElo "2109"]
[PlyCount "42"]
[EventDate "2011.??.??"]
[WhiteTeam "SG Rödermark/Eppertshausen"]
[BlackTeam "SK Ebringen"]

1. d4 Nf6 2. c4 e6 3. Nf3 b6 4. g3 Ba6 5. Qc2 c5 6. d5 exd5 7. cxd5 Bb7 8. Bg2
Nxd5 9. Ne5 Qe7 10. Qe4 Na6 11. Nc3 Nac7 12. O-O Rb8 13. Nxd5 Nxd5 14. Qa4 Qxe5
15. Qxa7 Bd6 16. e4 Nb4 17. Bf4 Qe6 18. e5 Bxg2 19. exd6 Nc6 20. Qa3 Bxf1 21.
Kxf1 O-O 0-1

[Event "Frankfurt Ch 2011"]
[Site "Ffm-Kalbach, LAZ"]
[Date "2011.05.23"]
[Round "4.24"]
[White "Kuhn, Gerhard"]
[Black "Lebermann, Hellmuth"]
[Result "1-0"]
[WhiteElo "2110"]
[BlackElo "2016"]
[PlyCount "41"]
[EventDate "2011.??.??"]
[WhiteTeam "SK Marburg 1931/72"]
[BlackTeam "SK Bad Homburg 1927"]

1. e4 e5 2. Nf3 d5 3. Nxe5 Bd6 4. d4 Ne7 5. Nc3 Be6 6. Bd3 O-O 7. O-O c6 8. Qh5
g6 9. Qh4 f6 10. Ng4 Bxg4 11. Qxg4 dxe4 12. Qe6+ Kg7 13. Nxe4 Nf5 14. Nxd6 Nxd6
15. Qh3 Re8 16. Bh6+ Kg8 17. Rfe1 Nd7 18. Qg3 Rxe1+ 19. Rxe1 Nf8 20. Qe3 Qa5
21. Qe7 1-0

[Event "Frankfurt Ch 2011"]
[Site "Ffm-Kalbach, LAZ"]
[Date "2011.05.23"]
[Round "4.25"]
[White "Fußnecker, Manfred"]
[Black "Benninger, Rudolf"]
[Result "1/2-1/2"]
[WhiteElo "1999"]
[BlackElo "2154"]
[PlyCount "125"]
[EventDate "2011.??.??"]
[WhiteTeam "SC Matt im Park Ffm"]
[BlackTeam "SC Heusenstamm"]

1. e4 g6 2. d4 Bg7 3. Nc3 c6 4. f4 d5 5. e5 Nh6 6. Nf3 Bg4 7. Be3 f6 8. h3 Bxf3
9. Qxf3 O-O 10. Qe2 fxe5 11. dxe5 e6 12. O-O-O Nd7 13. h4 Nf5 14. Bf2 Bh6 15.
g3 b5 16. h5 g5 17. Qg4 Kh8 18. Bd3 gxf4 19. gxf4 Nxe5 20. Qh3 Bxf4+ 21. Kb1
Nxd3 22. Rxd3 Qf6 23. Re1 e5 24. Ne2 Bh6 25. Rf3 Qe6 26. Nd4 Nxd4 27. Bxd4 Qxh3
28. Bxe5+ Bg7 29. Bxg7+ Kxg7 30. Rxh3 Rae8 31. h6+ Kf7 32. Rf3+ Kg8 33. Rg1+
Kh8 34. Rxf8+ Rxf8 35. Re1 Kg8 36. Rg1+ Kf7 37. Rg7+ Ke6 38. a4 Rf7 39. axb5
cxb5 40. Rg8 Rf6 41. Rg7 Rxh6 42. Rxa7 Rh1+ 43. Ka2 Kd6 44. Kb3 h5 45. Kb4 Rh2
46. Kxb5 Rxc2 47. b4 Ke5 48. Rh7 Rh2 49. Kc5 d4 50. Re7+ Kf6 51. Rd7 Rc2+ 52.
Kb5 Ke5 53. Rh7 Rh2 54. Kc4 h4 55. Re7+ Kf4 56. Kxd4 Rd2+ 57. Kc5 h3 58. Rf7+
Kg3 59. b5 Rf2 60. Rg7+ Kf3 61. Rf7+ Kg2 62. Rxf2+ Kxf2 63. b6 1/2-1/2

[Event "Frankfurt Ch 2011"]
[Site "Ffm-Kalbach, LAZ"]
[Date "2011.05.23"]
[Round "4.26"]
[White "Kreiling, Carsten"]
[Black "Schmitt, Roland"]
[Result "1-0"]
[WhiteElo "2129"]
[BlackElo "1893"]
[PlyCount "87"]
[EventDate "2011.??.??"]
[WhiteTeam "SVG Eppstein 1932"]
[BlackTeam "SK Großsachsen"]

1. d4 Nf6 2. c4 g6 3. Nc3 d5 4. cxd5 Nxd5 5. e4 Nxc3 6. bxc3 Bg7 7. Nf3 c5 8.
Rb1 O-O 9. Be2 cxd4 10. cxd4 Qa5+ 11. Qd2 Qxd2+ 12. Bxd2 b6 13. O-O Bb7 14. Bd3
Rd8 15. Be3 Nd7 16. Rfc1 Rac8 17. Rxc8 Rxc8 18. Rc1 Rxc1+ 19. Bxc1 Nf6 20. d5
Nd7 21. Bb5 Nc5 22. Bc6 e6 23. Bf4 exd5 24. exd5 Ne6 25. Bb8 Nd8 26. Bxb7 Nxb7
27. Bxa7 b5 28. Bd4 Bf8 29. Kf1 Be7 30. Ke2 f6 31. Kd3 Kf7 32. Bb6 Bb4 33. Nd4
Nd6 34. Bc7 Ke7 35. Nc6+ Kd7 36. Bxd6 Bxd6 37. Nd4 b4 38. Kc4 Bxh2 39. Kxb4 Bg1
40. Kc5 Bxf2 41. a4 Bg3 42. a5 Bd6+ 43. Kb5 Kc8 44. Kc6 1-0